000 01934ngm a2200421 4500
003 dpl
005 20080723110517.0
007 DVD
008 ||||||sp199 xxu|||||c|||| 00| 0 eng d
010 _aDVD-000628-630
024 _a01653
_c499.00
035 _aDVD-000628-630
040 _aDPL
_cDPL
082 _aDVD / WALL
245 _aWall Street
_c20th Century Fox Presents
_h[videorecording] DVD/
246 _a.
250 _aSpecial Edition
260 _b20th Century Fox Homeentertainment
300 _a1 videodisc DVD; (126 min.) :
_bsd., col. ;
_c4 3/4 in.
_fDVD
440 _a20th Centyry Fox Home Entertainment
500 _aSole Distributor in India M/s. Excel Productions Autio Visuals Pvt. Ltd.
500 _aSensationally Entertaining a Suave, Knowing Picture
500 _aSpecial Feature: Director's Commentary, Documentary, Trailers
538 _aDolby Digital 5.1-EnglishSubtitles: English,Koren,Mandarin, Thai
538 _aAspect Ratio: 1.85:1, Presentation type: Wide Screne, Presentation Size 16x9, Format DVD 9 Dual Layer Single Sided Disc.
650 _aMotion Picture
700 _aDouglas, Michael
700 _aSheen, Charlie
700 _aHannah, Daryal
700 _aStone, Oliver
700 _aSheen, Martin
700 _aHolbrook, Hal
942 _cCF
_2ddc
_hDVD
_mWALL
999 _c15768
_d15768